000 00436nam a2200157 a 4500
005 20140414093841.0
008 071030s19uu xx uuu eng d
050 _aDVD 300
_bMIG
245 _aMigration.
260 _aChina :
_bCentre of International Cultural Exchange, China for.
300 _a1 videodisk (30 min.) ; sd. co
650 _aCultural Center of China
650 _aTV documentary
942 _cAVM
999 _c109309
_d109309